[Event "Priit Leito Memorial Tournament"]
[Site "Tallinn, Paul Keres Chess House, Estonia"]
[Date "2023.02.04"]
[Round "4.2"]
[White "Valner, Uku"]
[Black "Nyback, Tomi"]
[Result "0-1"]
[TimeControl " Rapid: 15 minutes for game with 3 seconds increment from move 1"]
[WhiteTitle "FM"]
[BlackTitle "GM"]
[WhiteElo "2209"]
[BlackElo "2572"]

1. e4 {

[%clk 00:15:03]

} {

[%emt 00:00:01]

} e5 {

[%clk 00:15:05]

} {

[%emt 00:00:02]

} 2. Nf3 {

[%clk 00:15:03]

} {

[%emt 00:00:03]

} Nc6 {

[%clk 00:15:07]

} {

[%emt 00:00:02]

} 3. Bc4 {

[%clk 00:15:03]

} {

[%emt 00:00:02]

} Bc5 {

[%clk 00:15:07]

} {

[%emt 00:00:03]

} 4. O-O {

[%clk 00:15:03]

} {

[%emt 00:00:03]

} Nf6 {

[%clk 00:15:07]

} {

[%emt 00:00:03]

} 5. d4 {

[%clk 00:15:00]

} {

[%emt 00:00:05]

} Bxd4 {

[%clk 00:15:04]

} {

[%emt 00:00:06]

} 6. Nxd4 {

[%clk 00:15:00]

} {

[%emt 00:00:03]

} Nxd4 {

[%clk 00:15:04]

} {

[%emt 00:00:03]

} 7. f4 {

[%clk 00:15:01]

} {

[%emt 00:00:02]

} d6 {

[%clk 00:14:43]

} {

[%emt 00:00:24]

} 8. fxe5 {

[%clk 00:15:02]

} {

[%emt 00:00:03]

} dxe5 {

[%clk 00:14:43]

} {

[%emt 00:00:03]

} 9. Bg5 {

[%clk 00:15:03]

} {

[%emt 00:00:02]

} Qe7 {

[%clk 00:14:21]

} {

[%emt 00:00:25]

} 10. c3 {

[%clk 00:13:58]

} {

[%emt 00:01:08]

} Ne6 {

[%clk 00:12:28]

} {

[%emt 00:01:56]

} 11. Bxf6 {

[%clk 00:13:59]

} {

[%emt 00:00:02]

} Qc5+ {

[%clk 00:10:44]

} {

[%emt 00:01:47]

} 12. Kh1 {

[%clk 00:14:00]

} {

[%emt 00:00:01]

} Qxc4 {

[%clk 00:10:37]

} {

[%emt 00:00:10]

} 13. Bxe5 {

[%clk 00:14:02]

} {

[%emt 00:00:01]

} O-O {

[%clk 00:09:33]

} {

[%emt 00:01:07]

} 14. Nd2 {

[%clk 00:09:40]

} {

[%emt 00:04:25]

} Qc5 {

[%clk 00:09:33]

} {

[%emt 00:00:02]

} 15. Bg3 {

[%clk 00:08:57]

} {

[%emt 00:00:46]

} b6 {

[%clk 00:08:03]

} {

[%emt 00:01:34]

} 16. Nb3 {

[%clk 00:07:52]

} {

[%emt 00:01:08]

} Qe7 {

[%clk 00:07:29]

} {

[%emt 00:00:36]

} 17. Qh5 {

[%clk 00:06:38]

} {

[%emt 00:01:17]

} Bb7 {

[%clk 00:06:10]

} {

[%emt 00:01:22]

} 18. Rae1 {

[%clk 00:06:26]

} {

[%emt 00:00:16]

} c5 {

[%clk 00:04:57]

} {

[%emt 00:01:16]

} 19. Bh4 {

[%clk 00:05:50]

} {

[%emt 00:00:39]

} Qe8 {

[%clk 00:04:51]

} {

[%emt 00:00:09]

} 20. Qg4 {

[%clk 00:05:24]

} {

[%emt 00:00:30]

} Kh8 {

[%clk 00:04:15]

} {

[%emt 00:00:39]

} 21. Nd2 {

[%clk 00:05:16]

} {

[%emt 00:00:11]

} f6 {

[%clk 00:03:09]

} {

[%emt 00:01:09]

} 22. e5 {

[%clk 00:02:19]

} {

[%emt 00:03:00]

} fxe5 {

[%clk 00:01:34]

} {

[%emt 00:01:38]

} 23. Rxe5 {

[%clk 00:01:12]

} {

[%emt 00:01:11]

} Rxf1+ {

[%clk 00:01:11]

} {

[%emt 00:00:26]

} 24. Nxf1 {

[%clk 00:01:14]

} {

[%emt 00:00:01]

} Qf7 {

[%clk 00:01:12]

} {

[%emt 00:00:02]

} 25. Rf5 {

[%clk 00:00:34]

} {

[%emt 00:00:43]

} Qg6 {

[%clk 00:00:49]

} {

[%emt 00:00:25]

} 26. Qxg6 {

[%clk 00:00:27]

} {

[%emt 00:00:11]

} hxg6 {

[%clk 00:00:51]

} {

[%emt 00:00:01]

} 27. Rf7 {

[%clk 00:00:26]

} {

[%emt 00:00:04]

} Bd5 {

[%clk 00:00:50]

} {

[%emt 00:00:03]

} 28. b3 {

[%clk 00:00:12]

} {

[%emt 00:00:18]

} g5 {

[%clk 00:00:38]

} {

[%emt 00:00:15]

} 29. Ne3 {

[%clk 00:00:14]

} {

[%emt 00:00:01]

} Bxg2+ {

[%clk 00:00:15]

} {

[%emt 00:00:27]

} 30. Nxg2 {

[%clk 00:00:15]

} {

[%emt 00:00:02]

} gxh4 {

[%clk 00:00:16]

} {

[%emt 00:00:01]

} 31. Nxh4 {

[%clk 00:00:17]

} {

[%emt 00:00:01]

} a5 {

[%clk 00:00:17]

} {

[%emt 00:00:03]

} 32. Rb7 {

[%clk 00:00:15]

} {

[%emt 00:00:05]

} Ra6 {

[%clk 00:00:18]

} {

[%emt 00:00:02]

} 33. Ng6+ {

[%clk 00:00:15]

} {

[%emt 00:00:03]

} Kh7 {

[%clk 00:00:19]

} {

[%emt 00:00:02]

} 34. Ne5 {

[%clk 00:00:15]

} {

[%emt 00:00:03]

} a4 {

[%clk 00:00:16]

} {

[%emt 00:00:06]

} 35. Nc4 {

[%clk 00:00:13]

} {

[%emt 00:00:05]

} axb3 {

[%clk 00:00:18]

} {

[%emt 00:00:01]

} 36. axb3 {

[%clk 00:00:15]

} Nf4 {

[%clk 00:00:20]

} {

[%emt 00:00:01]

} 37. h4 {

[%clk 00:00:16]

} {

[%emt 00:00:02]

} Ra2 {

[%clk 00:00:20]

} {

[%emt 00:00:03]

} 38. Nxb6 {

[%clk 00:00:12]

} {

[%emt 00:00:08]

} Rc2 {

[%clk 00:00:13]

} {

[%emt 00:00:10]

} 39. Na4 {

[%clk 00:00:14]

} Ng6 {

[%clk 00:00:09]

} {

[%emt 00:00:07]

} 40. c4 {

[%clk 00:00:14]

} {

[%emt 00:00:03]

} Nxh4 {

[%clk 00:00:09]

} {

[%emt 00:00:03]

} 41. Rf7 {

[%clk 00:00:12]

} {

[%emt 00:00:05]

} Kg6 {

[%clk 00:00:07]

} {

[%emt 00:00:05]

} 42. Rf1 {

[%clk 00:00:10]

} {

[%emt 00:00:05]

} Kg5 {

[%clk 00:00:08]

} {

[%emt 00:00:02]

} 43. Rg1+ {

[%clk 00:00:05]

} {

[%emt 00:00:08]

} Kf5 {

[%clk 00:00:09]

} {

[%emt 00:00:03]

} 44. Rxg7 {

[%clk 00:00:06]

} {

[%emt 00:00:02]

} Nf3 {

[%clk 00:00:10]

} 45. Rf7+ {

[%clk 00:00:07]

} {

[%emt 00:00:02]

} Kg4 {

[%clk 00:00:13]

} 46. Rg7+ {

[%clk 00:00:09]

} {

[%emt 00:00:01]

} Kf4 {

[%clk 00:00:14]

} {

[%emt 00:00:01]

} 47. Rf7+ {

[%clk 00:00:09]

} {

[%emt 00:00:03]

} Kg3 {

[%clk 00:00:16]

} {

[%emt 00:00:01]

} 48. Rg7+ {

[%clk 00:00:11]

} {

[%emt 00:00:01]

} Kf4 {

[%clk 00:00:17]

} 49. Rf7+ {

[%clk 00:00:13]

} {

[%emt 00:00:01]

} Ke3 {

[%clk 00:00:19]

} {

[%emt 00:00:01]

} 50. Rh7 {

[%clk 00:00:13]

} {

[%emt 00:00:04]

} Rc1+ {

[%clk 00:00:17]

} {

[%emt 00:00:05]

} 51. Kg2 {

[%clk 00:00:14]

} {

[%emt 00:00:01]

} Rg1+ {

[%clk 00:00:19]

} {

[%emt 00:00:01]

} 52. Kh3 {

[%clk 00:00:16]

} Rh1 {

[%clk 00:00:21]

} {

[%emt 00:00:01]

} 0-1

[Event "Priit Leito Memorial Tournament"]
[Site "Tallinn, Paul Keres Chess House, Estonia"]
[Date "2023.02.04"]
[Round "4.3"]
[White "Neiksans, Arturs"]
[Black "Seeman, Tarvo"]
[Result "1-0"]
[TimeControl " Rapid: 15 minutes for game with 3 seconds increment from move 1"]
[WhiteTitle "GM"]
[BlackTitle "IM"]
[WhiteElo "2552"]
[BlackElo "2283"]

1. e4 {

[%clk 00:15:03]

} {

[%emt 00:00:02]

} c5 {

[%clk 00:14:21]

} {

[%emt 00:00:46]

} 2. Nf3 {

[%clk 00:15:04]

} {

[%emt 00:00:02]

} g6 {

[%clk 00:14:22]

} {

[%emt 00:00:02]

} 3. d4 {

[%clk 00:15:04]

} {

[%emt 00:00:04]

} cxd4 {

[%clk 00:14:24]

} {

[%emt 00:00:02]

} 4. Nxd4 {

[%clk 00:15:05]

} {

[%emt 00:00:01]

} Nc6 {

[%clk 00:14:26]

} {

[%emt 00:00:01]

} 5. c4 {

[%clk 00:15:07]

} {

[%emt 00:00:01]

} Nf6 {

[%clk 00:14:27]

} {

[%emt 00:00:02]

} 6. Nc3 {

[%clk 00:15:08]

} {

[%emt 00:00:02]

} d6 {

[%clk 00:14:28]

} {

[%emt 00:00:02]

} 7. f3 {

[%clk 00:15:07]

} {

[%emt 00:00:03]

} Be6 {

[%clk 00:14:24]

} {

[%emt 00:00:07]

} 8. Be3 {

[%clk 00:15:05]

} {

[%emt 00:00:06]

} Qb6 {

[%clk 00:14:16]

} {

[%emt 00:00:11]

} 9. Qd2 {

[%clk 00:14:47]

} {

[%emt 00:00:21]

} Nxd4 {

[%clk 00:14:16]

} {

[%emt 00:00:03]

} 10. Bxd4 {

[%clk 00:14:48]

} {

[%emt 00:00:01]

} Bh6 {

[%clk 00:14:17]

} {

[%emt 00:00:02]

} 11. Bxb6 {

[%clk 00:13:51]

} {

[%emt 00:01:01]

} Bxd2+ {

[%clk 00:14:18]

} {

[%emt 00:00:02]

} 12. Kxd2 {

[%clk 00:13:53]

} {

[%emt 00:00:01]

} axb6 {

[%clk 00:14:19]

} {

[%emt 00:00:02]

} 13. Bd3 {

[%clk 00:13:37]

} {

[%emt 00:00:18]

} Kf8 {

[%clk 00:13:19]

} {

[%emt 00:01:03]

} 14. Kc2 {

[%clk 00:13:04]

} {

[%emt 00:00:36]

} Kg7 {

[%clk 00:12:38]

} {

[%emt 00:00:45]

} 15. b3 {

[%clk 00:13:03]

} {

[%emt 00:00:03]

} Rhc8 {

[%clk 00:10:15]

} {

[%emt 00:02:25]

} 16. Kb2 {

[%clk 00:13:04]

} {

[%emt 00:00:02]

} Nd7 {

[%clk 00:07:22]

} {

[%emt 00:02:57]

} 17. Rad1 {

[%clk 00:13:01]

} {

[%emt 00:00:06]

} g5 {

[%clk 00:03:39]

} {

[%emt 00:03:46]

} 18. g3 {

[%clk 00:12:40]

} {

[%emt 00:00:23]

} Ne5 {

[%clk 00:02:26]

} {

[%emt 00:01:16]

} 19. Be2 {

[%clk 00:12:42]

} f6 {

[%clk 00:01:35]

} {

[%emt 00:00:56]

} 20. f4 {

[%clk 00:12:34]

} {

[%emt 00:00:10]

} gxf4 {

[%clk 00:01:36]

} {

[%emt 00:00:02]

} 21. gxf4 {

[%clk 00:12:36]

} {

[%emt 00:00:01]

} Nd7 {

[%clk 00:01:06]

} {

[%emt 00:00:25]

} 22. Bf3 {

[%clk 00:10:38]

} {

[%emt 00:02:09]

} Rg8 {

[%clk 00:00:57]

} {

[%emt 00:00:12]

} 23. Nb5 {

[%clk 00:09:20]

} {

[%emt 00:01:21]

} Bf7 {

[%clk 00:00:34]

} {

[%emt 00:00:26]

} 24. Nd4 {

[%clk 00:08:48]

} {

[%emt 00:00:34]

} Kf8 {

[%clk 00:00:28]

} {

[%emt 00:00:10]

} 25. Rhe1 {

[%clk 00:07:52]

} {

[%emt 00:00:58]

} Ra5 {

[%clk 00:00:17]

} {

[%emt 00:00:15]

} 26. Nb5 {

[%clk 00:07:44]

} {

[%emt 00:00:11]

} Ra8 {

[%clk 00:00:10]

} {

[%emt 00:00:10]

} 27. Rd2 {

[%clk 00:07:28]

} {

[%emt 00:00:19]

} Rc8 {

[%clk 00:00:09]

} {

[%emt 00:00:04]

} 28. Bg2 {

[%clk 00:07:11]

} {

[%emt 00:00:19]

} Rc5 {

[%clk 00:00:08]

} {

[%emt 00:00:05]

} 29. Bh3 {

[%clk 00:07:01]

} {

[%emt 00:00:12]

} Nb8 {

[%clk 00:00:07]

} {

[%emt 00:00:05]

} 30. Bf5 {

[%clk 00:05:47]

} {

[%emt 00:01:16]

} Nc6 {

[%clk 00:00:08]

} {

[%emt 00:00:02]

} 31. Bxh7 {

[%clk 00:05:05]

} {

[%emt 00:00:45]

} Rg4 {

[%clk 00:00:09]

} {

[%emt 00:00:02]

} 32. Rf2 {

[%clk 00:05:07]

} Rh4 {

[%clk 00:00:09]

} {

[%emt 00:00:04]

} 33. Bf5 {

[%clk 00:04:43]

} {

[%emt 00:00:25]

} e6 {

[%clk 00:00:11]

} {

[%emt 00:00:02]

} 34. Nxd6 {

[%clk 00:04:45]

} {

[%emt 00:00:01]

} exf5 {

[%clk 00:00:13]

} {

[%emt 00:00:01]

} 35. Nxb7 {

[%clk 00:04:39]

} {

[%emt 00:00:09]

} fxe4 {

[%clk 00:00:12]

} {

[%emt 00:00:04]

} 36. Nxc5 {

[%clk 00:04:39]

} {

[%emt 00:00:02]

} bxc5 {

[%clk 00:00:15]

} 37. Rxe4 {

[%clk 00:04:41]

} Bg6 {

[%clk 00:00:14]

} {

[%emt 00:00:04]

} 38. Re3 {

[%clk 00:04:42]

} {

[%emt 00:00:01]

} Bf5 {

[%clk 00:00:15]

} {

[%emt 00:00:02]

} 39. a3 {

[%clk 00:04:31]

} {

[%emt 00:00:14]

} Kf7 {

[%clk 00:00:16]

} {

[%emt 00:00:01]

} 40. Kc3 {

[%clk 00:04:31]

} {

[%emt 00:00:04]

} Rh8 {

[%clk 00:00:13]

} {

[%emt 00:00:06]

} 41. Rd2 {

[%clk 00:04:16]

} {

[%emt 00:00:18]

} Ra8 {

[%clk 00:00:14]

} {

[%emt 00:00:02]

} 42. Kb2 {

[%clk 00:04:15]

} {

[%emt 00:00:04]

} Rb8 {

[%clk 00:00:15]

} {

[%emt 00:00:02]

} 43. Rd5 {

[%clk 00:04:10]

} {

[%emt 00:00:08]

} Nd4 {

[%clk 00:00:14]

} {

[%emt 00:00:05]

} 44. Rxc5 {

[%clk 00:04:09]

} {

[%emt 00:00:04]

} Be6 {

[%clk 00:00:14]

} {

[%emt 00:00:04]

} 45. Rd3 {

[%clk 00:03:56]

} {

[%emt 00:00:16]

} Nf5 {

[%clk 00:00:14]

} {

[%emt 00:00:03]

} 46. a4 {

[%clk 00:03:52]

} {

[%emt 00:00:07]

} Rb7 {

[%clk 00:00:11]

} {

[%emt 00:00:06]

} 47. a5 {

[%clk 00:03:53]

} {

[%emt 00:00:02]

} Ne7 {

[%clk 00:00:12]

} {

[%emt 00:00:02]

} 48. Kc3 {

[%clk 00:03:47]

} {

[%emt 00:00:09]

} Bf5 {

[%clk 00:00:12]

} {

[%emt 00:00:02]

} 49. Rd6 {

[%clk 00:03:39]

} {

[%emt 00:00:10]

} Be4 {

[%clk 00:00:13]

} {

[%emt 00:00:02]

} 50. b4 {

[%clk 00:03:33]

} {

[%emt 00:00:10]

} Nf5 {

[%clk 00:00:12]

} {

[%emt 00:00:04]

} 51. Rb6 {

[%clk 00:03:30]

} {

[%emt 00:00:05]

} Rd7 {

[%clk 00:00:14]

} {

[%emt 00:00:02]

} 52. b5 {

[%clk 00:02:54]

} {

[%emt 00:00:39]

} Rd1 {

[%clk 00:00:15]

} {

[%emt 00:00:02]

} 53. Rc7+ {

[%clk 00:02:13]

} {

[%emt 00:00:44]

} Kg6 {

[%clk 00:00:18]

} 54. a6 {

[%clk 00:02:14]

} Rc1+ {

[%clk 00:00:18]

} {

[%emt 00:00:06]

} 55. Kb4 {

[%clk 00:02:14]

} {

[%emt 00:00:03]

} Ne3 {

[%clk 00:00:17]

} {

[%emt 00:00:03]

} 56. a7 {

[%clk 00:02:04]

} {

[%emt 00:00:13]

} Kf5 {

[%clk 00:00:16]

} {

[%emt 00:00:04]

} 57. Ra6 {

[%clk 00:01:56]

} {

[%emt 00:00:10]

} Rb1+ {

[%clk 00:00:09]

} {

[%emt 00:00:11]

} 58. Kc5 {

[%clk 00:01:56]

} {

[%emt 00:00:03]

} Rc1 {

[%clk 00:00:11]

} {

[%emt 00:00:02]

} 59. Ra4 {

[%clk 00:01:47]

} {

[%emt 00:00:12]

} Nd5 {

[%clk 00:00:06]

} {

[%emt 00:00:08]

} 60. Rc6 {

[%clk 00:01:36]

} {

[%emt 00:00:13]

} 1-0

[Event "Priit Leito Memorial Tournament"]
[Site "Tallinn, Paul Keres Chess House, Estonia"]
[Date "2023.02.04"]
[Round "4.4"]
[White "Timoshin, Andrei"]
[Black "Miezis, Normunds"]
[Result "0-1"]
[TimeControl " Rapid: 15 minutes for game with 3 seconds increment from move 1"]
[BlackTitle "GM"]
[WhiteElo "2094"]
[BlackElo "2502"]

1. e4 {

[%clk 00:15:03]

} {

[%emt 00:01:42]

} c5 {

[%clk 00:15:02]

} {

[%emt 00:00:15]

} 2. Nf3 {

[%clk 00:15:04]

} {

[%emt 00:00:03]

} e6 {

[%clk 00:15:02]

} {

[%emt 00:00:03]

} 3. d4 {

[%clk 00:15:02]

} {

[%emt 00:00:05]

} cxd4 {

[%clk 00:15:02]

} {

[%emt 00:00:03]

} 4. Nxd4 {

[%clk 00:15:04]

} {

[%emt 00:00:02]

} a6 {

[%clk 00:15:02]

} {

[%emt 00:00:02]

} 5. Nc3 {

[%clk 00:14:41]

} {

[%emt 00:00:26]

} Qc7 {

[%clk 00:15:01]

} {

[%emt 00:00:05]

} 6. g3 {

[%clk 00:14:41]

} {

[%emt 00:00:03]

} Bb4 {

[%clk 00:14:54]

} {

[%emt 00:00:09]

} 7. Nde2 {

[%clk 00:14:32]

} {

[%emt 00:00:12]

} Nf6 {

[%clk 00:14:49]

} {

[%emt 00:00:07]

} 8. Bg2 {

[%clk 00:14:33]

} {

[%emt 00:00:03]

} d6 {

[%clk 00:14:36]

} {

[%emt 00:00:16]

} 9. O-O {

[%clk 00:14:29]

} {

[%emt 00:00:08]

} Nc6 {

[%clk 00:14:19]

} {

[%emt 00:00:20]

} 10. h3 {

[%clk 00:14:22]

} {

[%emt 00:00:10]

} Bc5 {

[%clk 00:14:14]

} {

[%emt 00:00:08]

} 11. Bf4 {

[%clk 00:14:05]

} {

[%emt 00:00:20]

} Ne5 {

[%clk 00:14:09]

} {

[%emt 00:00:07]

} 12. g4 {

[%clk 00:13:01]

} {

[%emt 00:01:08]

} b5 {

[%clk 00:13:21]

} {

[%emt 00:00:51]

} 13. a3 {

[%clk 00:12:42]

} {

[%emt 00:00:22]

} Bb7 {

[%clk 00:13:18]

} {

[%emt 00:00:06]

} 14. Ng3 {

[%clk 00:12:40]

} {

[%emt 00:00:05]

} h6 {

[%clk 00:11:29]

} {

[%emt 00:01:51]

} 15. Qe2 {

[%clk 00:10:44]

} {

[%emt 00:01:59]

} g5 {

[%clk 00:10:54]

} {

[%emt 00:00:38]

} 16. Be3 {

[%clk 00:10:03]

} {

[%emt 00:00:44]

} Rc8 {

[%clk 00:10:22]

} {

[%emt 00:00:34]

} 17. Kh1 {

[%clk 00:08:50]

} {

[%emt 00:01:17]

} Bxe3 {

[%clk 00:08:54]

} {

[%emt 00:01:30]

} 18. Qxe3 {

[%clk 00:06:50]

} {

[%emt 00:02:04]

} Qc5 {

[%clk 00:08:37]

} {

[%emt 00:00:19]

} 19. Qxc5 {

[%clk 00:05:05]

} {

[%emt 00:01:49]

} dxc5 {

[%clk 00:07:31]

} {

[%emt 00:01:08]

} 20. f4 {

[%clk 00:04:46]

} {

[%emt 00:00:23]

} gxf4 {

[%clk 00:07:24]

} {

[%emt 00:00:09]

} 21. Rxf4 {

[%clk 00:04:47]

} {

[%emt 00:00:02]

} Nfd7 {

[%clk 00:07:17]

} {

[%emt 00:00:09]

} 22. Kg1 {

[%clk 00:04:34]

} {

[%emt 00:00:16]

} Ke7 {

[%clk 00:07:08]

} {

[%emt 00:00:13]

} 23. Raf1 {

[%clk 00:03:01]

} {

[%emt 00:01:36]

} b4 {

[%clk 00:05:25]

} {

[%emt 00:01:47]

} 24. Nd1 {

[%clk 00:02:24]

} {

[%emt 00:00:40]

} a5 {

[%clk 00:05:13]

} {

[%emt 00:00:14]

} 25. Ne3 {

[%clk 00:02:09]

} {

[%emt 00:00:18]

} Ba6 {

[%clk 00:04:54]

} {

[%emt 00:00:23]

} 26. R1f2 {

[%clk 00:02:01]

} {

[%emt 00:00:11]

} bxa3 {

[%clk 00:04:51]

} {

[%emt 00:00:06]

} 27. bxa3 {

[%clk 00:02:03]

} {

[%emt 00:00:01]

} Rb8 {

[%clk 00:04:51]

} {

[%emt 00:00:02]

} 28. Bf1 {

[%clk 00:01:10]

} {

[%emt 00:00:56]

} Rb1 {

[%clk 00:04:43]

} {

[%emt 00:00:11]

} 29. Kg2 {

[%clk 00:01:09]

} {

[%emt 00:00:04]

} Bxf1+ {

[%clk 00:04:35]

} {

[%emt 00:00:11]

} 30. Rxf1 {

[%clk 00:00:47]

} {

[%emt 00:00:26]

} Rhb8 {

[%clk 00:04:09]

} {

[%emt 00:00:28]

} 31. Ne2 {

[%clk 00:00:45]

} {

[%emt 00:00:05]

} R1b2 {

[%clk 00:03:13]

} {

[%emt 00:00:59]

} 32. Nc3 {

[%clk 00:00:42]

} {

[%emt 00:00:06]

} R8b3 {

[%clk 00:02:54]

} {

[%emt 00:00:21]

} 33. Ncd1 {

[%clk 00:00:07]

} {

[%emt 00:00:38]

} Ra2 {

[%clk 00:02:48]

} {

[%emt 00:00:09]

} 34. a4 {

[%clk 00:00:09]

} {

[%emt 00:00:02]

} Rb4 {

[%clk 00:02:10]

} {

[%emt 00:00:40]

} 35. R1f2 {

[%clk 00:00:04]

} {

[%emt 00:00:09]

} Raxa4 {

[%clk 00:02:01]

} {

[%emt 00:00:12]

} 36. c3 {

[%clk 00:00:06]

} {

[%emt 00:00:01]

} Rxe4 {

[%clk 00:01:54]

} {

[%emt 00:00:10]

} 37. Rxe4 {

[%clk 00:00:05]

} {

[%emt 00:00:04]

} Rxe4 {

[%clk 00:01:53]

} {

[%emt 00:00:03]

} 38. Nc2 {

[%clk 00:00:07]

} {

[%emt 00:00:01]

} Nd3 {

[%clk 00:01:40]

} {

[%emt 00:00:16]

} 39. Rd2 {

[%clk 00:00:07]

} {

[%emt 00:00:03]

} N7e5 {

[%clk 00:01:39]

} {

[%emt 00:00:04]

} 40. Nf2 {

[%clk 00:00:06]

} {

[%emt 00:00:05]

} Nxf2 {

[%clk 00:01:33]

} {

[%emt 00:00:09]

} 41. Kxf2 {

[%clk 00:00:07]

} Ra4 {

[%clk 00:01:20]

} {

[%emt 00:00:16]

} 42. Re2 {

[%clk 00:00:06]

} {

[%emt 00:00:05]

} f6 {

[%clk 00:01:18]

} {

[%emt 00:00:04]

} 43. Ne3 {

[%clk 00:00:05]

} {

[%emt 00:00:04]

} Ra3 {

[%clk 00:01:02]

} {

[%emt 00:00:18]

} 44. Rc2 {

[%clk 00:00:07]

} Ra1 {

[%clk 00:01:03]

} {

[%emt 00:00:03]

} 45. Kg3 {

[%clk 00:00:04]

} {

[%emt 00:00:07]

} a4 {

[%clk 00:00:58]

} {

[%emt 00:00:08]

} 46. Rb2 {

[%clk 00:00:05]

} {

[%emt 00:00:02]

} Rc1 {

[%clk 00:00:52]

} {

[%emt 00:00:08]

} 47. Rb7+ {

[%clk 00:00:04]

} {

[%emt 00:00:05]

} Kd8 {

[%clk 00:00:50]

} {

[%emt 00:00:05]

} 48. Kf4 {

[%clk 00:00:04]

} {

[%emt 00:00:03]

} Rxc3 {

[%clk 00:00:49]

} {

[%emt 00:00:02]

} 49. Ra7 {

[%clk 00:00:05]

} {

[%emt 00:00:02]

} a3 {

[%clk 00:00:50]

} {

[%emt 00:00:02]

} 50. h4 {

[%clk 00:00:07]

} {

[%emt 00:00:02]

} Nd3+ {

[%clk 00:00:47]

} {

[%emt 00:00:06]

} 51. Ke4 {

[%clk 00:00:09]

} {

[%emt 00:00:01]

} Nb4 {

[%clk 00:00:48]

} {

[%emt 00:00:02]

} 52. h5 {

[%clk 00:00:05]

} {

[%emt 00:00:07]

} a2 {

[%clk 00:00:47]

} {

[%emt 00:00:04]

} 53. Ng2 {

[%clk 00:00:05]

} {

[%emt 00:00:03]

} Rc4+ {

[%clk 00:00:44]

} {

[%emt 00:00:06]

} 54. Kf3 {

[%clk 00:00:06]

} {

[%emt 00:00:03]

} Rc1 {

[%clk 00:00:45]

} {

[%emt 00:00:02]

} 55. Nf4 {

[%emt 00:00:05]

} 0-1